00991 2200301 4500001002100000005001500021035002000036007000300056008004100059020002200100082001600122084001800138100002400156245015700180250003500337300004900372264003800421336002100459337003000480338002300510040002200533090002200555850001200577504003300589999002200622650002300644990002200667INLIS00000000089483320250409114251 a0010-0425000082ta250409s2024 yoia g ind d a978-623-466-556-704223a621.042 a621.042 WEI b0 aWeidaksiePengarang10aBali & revolusi energi terbarukan :bpengembangan kompetensi energi terbarukan di Sekolah Kejuruan dan mapping implementasinya di Pulau Bali /cWeidaksi aCetakan pertama: Desember 2024 ax, 207 halaman :bilustrasi, gambar ;c20 cm31aSleman :bZahir Publishing,c2024 2rdacontentateks 2rdamediaatanpa perantara 2rdacarrieravolume aYOPDYOGbinderda aCB-D.11 2024-5919 aYOPDYOG aBibliografi: halaman 204-206 aCB-D.11/2024-5919 4aSumber daya energi aCB-D.11/2024-5919